The Roman predicament (Record no. 135653)
[ view plain ]
| 000 -LEADER | |
|---|---|
| fixed length control field | 01680nam a2200409 a 4500 |
| 100 1# - MAIN ENTRY--AUTHOR NAME | |
| Personal name | James, Harold. |
| 245 14 - TITLE STATEMENT | |
| Title | The Roman predicament |
| 260 ## - PUBLICATION, DISTRIBUTION, ETC. (IMPRINT) | |
| Place of publication | Princeton, N.J. : |
| Name of publisher | Princeton University Press, |
| Year of publication | 2008, c2006. |
| 300 ## - PHYSICAL DESCRIPTION | |
| Number of Pages | vii, 166 p. |
| 650 #0 - SUBJECT ADDED ENTRY--TOPICAL TERM | |
| Topical Term | Imperialism. |
| Topical Term | Power (Social sciences) |
| Topical Term | International economic relations. |
| Topical Term | International organization. |
| Topical Term | Social values. |
| 856 40 - ELECTRONIC LOCATION AND ACCESS | |
| Uniform Resource Identifier | http://site.ebrary.com/lib/rucke/Doc?id=10443133 |
No items available.
